File structures: (Record no. 19041)

MARC details
000 -LEADER
fixed length control field 01042 a2200277 4500
005 - DATE AND TIME OF LATEST TRANSACTION
control field 2008092508118.0
008 - FIXED-LENGTH DATA ELEMENTS--GENERAL INFORMATION
fixed length control field 080925t xxu||||| |||| 00| 0 eng d
010 ## - LCCN (DPL NO)
LC control number ENG-91782
020 ## - INTERNATIONAL STANDARD BOOK NUMBER
International Standard Book Number 9780070668775
Terms of availability 399.00
020 ## - INTERNATIONAL STANDARD BOOK NUMBER
International Standard Book Number 0070668779
Terms of availability 399.00
035 ## - SYSTEM CONTROL NUMBER
System control number EN-75315
037 ## - SOURCE OF ACQUISITION
Source of stock number/acquisition DBAD / PUB
040 ## - CATALOGING SOURCE
Original cataloging agency dpl
Language of cataloging English
082 ## - DEWEY DECIMAL CLASSIFICATION NUMBER
Classification number 005.741
100 ## - MAIN ENTRY--PERSONAL NAME
Personal name Venugopal, K.R.
245 ## - TITLE STATEMENT
Title File structures:
Statement of responsibility, etc by K.R. Venugopal, K.G. Srinivasa [and] P.M. Krishnaraj
Remainder of title using C++ /
260 ## - PUBLICATION, DISTRIBUTION, ETC. (IMPRINT)
Place of publication, distribution, etc New Delhi
Name of publisher, distributor, etc Tata McGraw-Hill Publishing
Date of publication, distribution, etc 2009
300 ## - PHYSICAL DESCRIPTION
Extent ix, 393p.
Dimensions 27cm (pbk)
500 ## - GENERAL NOTE
General note Includes bibliographical references
650 ## - SUBJECT ADDED ENTRY--TOPICAL TERM
Topical term or geographic name as entry element C++ (Computer program language)
650 ## - SUBJECT ADDED ENTRY--TOPICAL TERM
Topical term or geographic name as entry element File organization (Computer science)
700 ## - ADDED ENTRY--PERSONAL NAME
Personal name Srinivasa, K.G.
700 ## - ADDED ENTRY--PERSONAL NAME
Personal name Krishnaraj, P.M.
942 ## - ADDED ENTRY ELEMENTS (KOHA)
Institution code [OBSOLETE] dpl
Item type English Books
Source of classification or shelving scheme Dewey Decimal Classification
Call number suffix VEN
Classification part 005.741
Holdings
Withdrawn status Lost status Source of classification or shelving scheme Damaged status Not for loan Collection code Home library Current library Date acquired Source of acquisition Cost, normal purchase price Total Checkouts Full call number Barcode Date last seen Copy number Cost, replacement price Koha item type
    Dewey Decimal Classification   Not For Loan Non-fiction D.B.Act.Division D.B.Act.Division 24/11/2008 DBAD / PUB 399.00   005.741 VEN EN-75315 24/11/2008 1 399.00 English Books

© Delhi Public Library
Hit Counter
free hit counter